Pothu Ariyu Kalanchiyam General Knowledge (Record no. 159187)

MARC details
000 -LEADER
fixed length control field 00426nam a2200181Ia 4500
008 - FIXED-LENGTH DATA ELEMENTS--GENERAL INFORMATION
fixed length control field 240823s9999||||xx |||||||||||||| ||und||
082 ## - DEWEY DECIMAL CLASSIFICATION NUMBER
-- 001 p0
100 ## - MAIN ENTRY--PERSONAL NAME
Personal name Subburaju V K
245 #0 - TITLE STATEMENT
Title Pothu Ariyu Kalanchiyam General Knowledge
250 ## - EDITION STATEMENT
Edition statement 1st
260 ## - PUBLICATION, DISTRIBUTION, ETC. (IMPRINT)
Date of publication, distribution, etc 2000
Name of publisher, distributor, etc "Sura,Ch"
Place of publication, distribution, etc Chennai
500 ## - GENERAL NOTE
General note LOST
650 ## - SUBJECT ADDED ENTRY--TOPICAL TERM
Topical term or geographic name as entry element General
942 ## - ADDED ENTRY ELEMENTS (KOHA)
Item type Books
Holdings
Withdrawn status Lost status Damaged status Permanent location Current location Shelving location Date acquired Cost, normal purchase price Full call number Barcode Date last seen Koha item type
  Lost and paid for   CENTRAL LIBRARY, NOORUL ISLAM CENTRE FOR HIGHER EDUCATION CENTRAL LIBRARY, NOORUL ISLAM CENTRE FOR HIGHER EDUCATION   05/09/2003 35.00 001 p0 14534 08/23/2024 Books
Visitors:
Copyright © 2024 Central Library NICHE.  All rights reserved.